| Tag |
First Indicator |
Second Indicator |
Subfields |
| LEADER |
00000cam a22000001i 4500 |
| 001 |
in00003975607 |
| 006 |
m d f |
| 007 |
cr bn mmmapmmp |
| 008 |
330810s1933 dcu o f000 0 eng d |
| 005 |
20250210233528.8 |
| 035 |
|
|
|a ebd1933002346
|
| 040 |
|
|
|a UMI
|c UMI
|e rda
|d UtOrBLW
|
| 086 |
0 |
|
|a L 7.2:G 94
|
| 099 |
|
|
|a L7.2..G94
|
| 110 |
2 |
|
|a United States Employment Service.
|0 http://id.loc.gov/authorities/names/n80050133
|
| 245 |
1 |
0 |
|a Guide for directors of State employment services and veterans` placement representatives [policies and plans of U.S. Employment Service with regard to the operation of the Veterans' Placement Service].
|
| 264 |
|
1 |
|a [Washington] :
|b [s.n.],
|c 1933.
|
| 300 |
|
|
|a 1 online resource (13 pages), digital, PDF file
|
| 336 |
|
|
|a text
|b txt
|2 rdacontent
|
| 337 |
|
|
|a computer
|b c
|2 rdamedia
|
| 338 |
|
|
|a online resource
|b cr
|2 rdacarrier
|
| 533 |
|
|
|a Electronic reproduction.
|b [Bethesda, Md.] :
|c ProQuest,
|d 2016
|e digital, PDF file.
|n ProQuest U.S. Executive Branch Documents
|n Mode of access: World Wide Web via ProQuest website.
|
| 588 |
|
|
|a Record is based on online resource; title from PDF title page (ProQuest, last viewed July 2016). Reuse except for individual research requires license from ProQuest, LLC.
|
| 650 |
|
0 |
|a Employment agencies.
|0 http://id.loc.gov/authorities/subjects/sh85042917
|
| 650 |
|
0 |
|a Veterans
|x Employment.
|0 http://id.loc.gov/authorities/subjects/sh85142980
|
| 650 |
|
0 |
|a Administrative agencies
|x Reorganization.
|0 http://id.loc.gov/authorities/subjects/sh85000907
|
| 650 |
|
0 |
|a Federal government.
|0 http://id.loc.gov/authorities/subjects/sh85047611
|
| 856 |
4 |
0 |
|u http://proxy.library.tamu.edu/login?url=http://congressional.proquest.com/congressional/docview/t66.d71.l7.2..g94?
|y Electronic resource (PDF)
|t 0
|
| 999 |
f |
f |
|s 131cafb7-a48e-33c5-8a8b-76ce4a9ed4b8
|i 616a4e96-4580-3868-b324-06d77dcbe387
|t 0
|
| 952 |
f |
f |
|a Texas A&M University
|b College Station
|c Electronic Resources
|d Available Online
|t 0
|h No information provided
|
| 998 |
f |
f |
|t 0
|l Available Online
|